Edo nenjū gyōji zue /
Saved in:
| Main Author: | |
|---|---|
| Format: | Book |
| Language: | Japanese |
| Published: |
Tōkyō :
Tōyōdō,
Meiji 26 [1893]
|
| Subjects: | |
| Tags: |
Add Tag
No Tags, Be the first to tag this record!
|
| LEADER | 01097nam a2200301 a 4500 | ||
|---|---|---|---|
| 001 | 007721191-X | ||
| 005 | 20024617120653.0 | ||
| 008 | 911106s1893 ja a 000 0 jpn | ||
| 010 | |a 91212739 /AJ | ||
| 035 | 0 | |a ocm25090713 | |
| 040 | |a DLC |c DLC |d *YNH* |d CStRLIN | ||
| 041 | 0 | |a jpnfre | |
| 043 | |a a-ja--- | ||
| 050 | 0 | |a DS896.5 |b .E43 1893 | |
| 100 | 0 | |6 880-01 |a Eitaku, |d 1843-1890. | |
| 245 | 1 | 0 | |6 880-02 |a Edo nenjū gyōji zue / |c Sensai Eitaku hitsu. |
| 260 | |6 880-03 |a Tōkyō : |b Tōyōdō, |c Meiji 26 [1893] | ||
| 300 | |a 1 v. (unpaged) : |b chifly col. ill. ; |c 26 cm. | ||
| 500 | |a Text in Japanese and French. | ||
| 500 | |a Title from label mounted on cover. | ||
| 500 | |a On double leaves, folding book. | ||
| 546 | |a French title: Explication des tableaux représent les Yedoiennes pendant l'annee. | ||
| 651 | 0 | |a Tokyo (Japan) |x Social life and customs |y 1600-1868 |x Pictorial works. | |
| 880 | 1 | |6 100-01 |a 永濯, |d 1843-1890. | |
| 880 | 1 | 0 | |6 245-02 |a 江戶年中行事圖繪 / |c 鮮齊永濯筆. |
| 880 | |6 260-03 |a 東京 : |b 東陽堂, |c 明治 26 [1893] | ||
| 988 | |a 20021214 | ||
| 906 | |0 DLC | ||


